000 00521nam a22001577a 4500
008 170503b xxu||||| |||| 00| 0 eng d
020 _a0-312-00404-4
082 _21991
_aDC 320.3
_bM27
100 _920632
_aMagstadt, Thomas M.
245 _aNations and governments:
_bcomparative politics in regional perspective/
_cThomas M. Magstadt.
260 _aNew York :
_bSt. Martin's Press,
_cc1991.
300 _axv, 528 pages;
_c24 cm.
500 _aIncludes index.
650 0 _920633
_aComparative government
942 _2ddc
_cDC
999 _c6810
_d6810